| 000 | 00646nam a2200217 i 4500 | ||
|---|---|---|---|
| 001 | 30170 | ||
| 003 | ES-MaACL | ||
| 005 | 20230906154141.0 | ||
| 007 | t| | ||
| 008 | 030123s1965 sp ||||1| spa d | ||
| 100 | 1 |
_aBarsotti, Divo. _926094 |
|
| 245 | 1 | 0 |
_aMisterio cristiano y año litúrgico / _cDivo Barsotti ; [traducción de Manuel Garrido]. |
| 260 |
_aSalamanca : _bSígueme, _c1965. |
||
| 300 |
_a363 p. ; _c22 cm. |
||
| 490 | 1 |
_aNueva alianza ; _v1 |
|
| 650 | 4 |
_aAño litúrgico. _99903 |
|
| 700 | 1 |
_aGarrido Bonaño, Manuel. _9140008 |
|
| 830 | 1 |
_aNueva alianza ; _v1 _9181320 |
|
| 852 | 4 |
_aES-MaACL _jC-28110 |
|
| 999 |
_c30170 _d30170 |
||